000 00395nam a2200169Ia 4500
008 221030s9999 xx 000 0 und d
020 _a817808581
041 _aEnglish
082 _a105.23
_bHom
100 _aJ. C. V. Horne
245 0 _aFinancial Management Policy
250 _a12th
260 _bPearson Education
_aDelhi
_c2004
300 _a814
650 _aManagement
942 _cBK
999 _c2445
_d2445